[Event "Gibraltar ChallWk2 13th"]
[Site "Gibraltar"]
[Date "2015.02.03"]
[Round "4.5"]
[White "Maloberti, David"]
[Black "Guerra Rivera, Salvador"]
[Result "1/2-1/2"]
[WhiteElo "2108"]
[BlackElo "1983"]
[PlyCount "159"]
[EventDate "2015.01.31"]
[EventType "swiss"]
[EventRounds "5"]
[EventCountry "GGB"]
[SourceTitle "BritBase"]
[Source "www.saund.co.uk"]
[SourceDate "2018.02.10"]
[SourceVersion "1"]
[SourceVersionDate "2018.02.10"]
[SourceQuality "1"]
[TimeControl "7200+1385"]
[WhiteClock "0:00:48"]
[BlackClock "0:04:54"]

1. d4 d6 2. c4 e5 3. Nf3 e4 4. Ng5 f5 5. Nc3 Be7 6. Nh3 Nf6 7. g3 O-O 8. Bg2 c5
9. d5 Nbd7 10. O-O Ne5 11. b3 Nh5 12. f3 Bf6 13. Qc2 exf3 14. exf3 Bd7 15. Bb2
Qe8 16. Rae1 Qf7 17. Nf2 Rae8 18. f4 Ng6 19. Ncd1 b5 20. a3 bxc4 21. bxc4 Ne7
22. Bf3 Bxb2 23. Qxb2 Nf6 24. Qb7 Nc8 25. Nc3 Nb6 26. Qa6 Bc8 27. Qb5 Qd7 28.
Nfd1 g6 29. a4 Qxb5 30. cxb5 Nc4 31. Re2 Rxe2 32. Bxe2 Nd2 33. Rf2 Nde4 34. Rg2
Bb7 35. Bc4 Re8 36. Re2 Kf7 37. Kf1 h6 38. a5 g5 39. b6 axb6 40. axb6 Rb8 41.
Ra2 Bc8 42. Rb2 Bd7 43. Ke2 Ke7 44. Ba6 Kd8 45. Kd3 Bc8 46. Bc4 Bb7 47. Ra2 Bc8
48. Rb2 Bb7 49. Ne3 gxf4 50. gxf4 Ra8 51. Nxf5 Ra3 52. Rb3 Rxb3 53. Bxb3 Ba6+
54. Kc2 Kc8 55. Nxe4 Nxe4 56. Nxh6 Kb7 57. f5 Kxb6 58. Ng8 Bc8 59. f6 Bf5 60.
Kb2 Ng5 61. Bc2 Bxc2 62. Kxc2 c4 63. Nh6 Kc5 64. f7 Nxf7 65. Nxf7 Kxd5 66. Kc3
Ke6 67. Ng5+ Kf5 68. Nf7 d5 69. Kd4 Kg4 70. Ne5+ Kh3 71. Nf3 Kg4 72. Nd2 Kh3
73. Nf1 Kg4 74. Nd2 Kh3 75. Nf3 Kg4 76. h4 Kh5 77. Ke3 Kg4 78. Kd4 Kh5 79. Ke5
Kg4 80. Kxd5 1/2-1/2

[Event "Gibraltar ChallWk2 13th"]
[Site "Gibraltar"]
[Date "2015.02.03"]
[Round "4.6"]
[White "Machlik, Edit"]
[Black "Bryn, Askild"]
[Result "1/2-1/2"]
[WhiteElo "1914"]
[BlackElo "2074"]
[PlyCount "51"]
[EventDate "2015.01.31"]
[EventType "swiss"]
[EventRounds "5"]
[EventCountry "GGB"]
[SourceTitle "BritBase"]
[Source "www.saund.co.uk"]
[SourceDate "2018.02.10"]
[SourceVersion "1"]
[SourceVersionDate "2018.02.10"]
[SourceQuality "1"]
[TimeControl "6600+910"]
[WhiteClock "0:33:19"]
[BlackClock "0:19:50"]

1. d4 d6 2. c4 e5 3. Nf3 Nd7 4. Nc3 Ngf6 5. Bg5 c6 6. e3 Qe7 7. Qc2 h6 8. Bh4
g5 9. dxe5 dxe5 10. Bg3 Nh5 11. Be2 Nxg3 12. hxg3 Bg7 13. O-O-O Nf6 14. Nd2 Be6
15. Nde4 Nxe4 16. Nxe4 O-O 17. g4 f5 18. gxf5 Bxf5 19. Bd3 Rad8 20. f3 Bxe4 21.
Bxe4 Qc5 22. Qc3 a5 23. Rxd8 Rxd8 24. Rd1 Rxd1+ 25. Kxd1 Kf8 26. Qd3 1/2-1/2

[Event "Gibraltar ChallWk2 13th"]
[Site "Gibraltar"]
[Date "2015.02.03"]
[Round "4.7"]
[White "Schouten, Freek"]
[Black "Fiori, Hector"]
[Result "0-1"]
[WhiteElo "2039"]
[BlackElo "2066"]
[PlyCount "100"]
[EventDate "2015.01.31"]
[EventType "swiss"]
[EventRounds "5"]
[EventCountry "GGB"]
[SourceTitle "BritBase"]
[Source "www.saund.co.uk"]
[SourceDate "2018.02.10"]
[SourceVersion "1"]
[SourceVersionDate "2018.02.10"]
[SourceQuality "1"]
[TimeControl "7200+1615"]
[WhiteClock "0:00:30"]
[BlackClock "0:06:50"]

1. d4 Nf6 2. c4 e6 3. Nc3 c5 4. d5 exd5 5. cxd5 Bd6 6. e4 O-O 7. f4 Nxe4 8.
Nxe4 Re8 9. Qe2 f5 10. Nxd6 Rxe2+ 11. Bxe2 Na6 12. Nf3 Nb4 13. Kf2 Qf6 14. Nxc8
Rxc8 15. a3 Nc2 16. Ra2 c4 17. Bd1 Qb6+ 18. Kg3 Qb3 19. Bxc2 Qxc2 20. Bd2 c3
21. Rc1 cxd2 22. Rxc2 Rxc2 23. Nxd2 Rxd2 24. Ra1 Rxb2 25. Rc1 Rb3+ 26. Kh4 Kf7
27. Kg5 a5 28. Kxf5 a4 29. Ke5 Ke7 30. d6+ Kf7 31. Rc7 Rb5+ 32. Kd4 Ke6 33. Rc4
Rd5+ 34. Ke4 b5 35. Rc8 Kxd6 36. g4 Rd2 37. h4 Ke6 38. f5+ Ke7 39. Rg8 Kf7 40.
Rb8 Rh2 41. h5 Rh3 42. Rxb5 Rxa3 43. Rb7 Ke7 44. Ra7 h6 45. Kf4 Ra1 46. g5 a3
47. gxh6 gxh6 48. f6+ Kxf6 49. Rxd7 Rf1+ 50. Kg3 a2 0-1

[Event "Gibraltar ChallWk2 13th"]
[Site "Gibraltar"]
[Date "2015.02.03"]
[Round "4.8"]
[White "Menna Barreto, Felipe Kubiaki"]
[Black "Brandstetter, Dieter"]
[Result "1-0"]
[WhiteElo "2247"]
[BlackElo "2065"]
[PlyCount "59"]
[EventDate "2015.01.31"]
[EventType "swiss"]
[EventRounds "5"]
[EventCountry "GGB"]
[SourceTitle "BritBase"]
[Source "www.saund.co.uk"]
[SourceDate "2018.02.10"]
[SourceVersion "1"]
[SourceVersionDate "2018.02.10"]
[SourceQuality "1"]
[TimeControl "7200+1320"]
[WhiteClock "1:20:39"]
[BlackClock "0:03:04"]

1. e4 e5 2. Nf3 Nc6 3. Bb5 a6 4. Ba4 Nf6 5. d3 b5 6. Bb3 Bc5 7. O-O d6 8. Nc3
h6 9. Be3 Bxe3 10. fxe3 Bd7 11. a4 Na5 12. Ba2 O-O 13. Qe1 c5 14. Nh4 b4 15.
Nd5 Nxd5 16. Bxd5 Bc6 17. Nf5 Bxd5 18. exd5 Kh7 19. e4 g6 20. Ne3 b3 21. c4 Rb8
22. Rf3 Nb7 23. Qf2 Qd7 24. Rf1 Nd8 25. Qh4 Rh8 26. Qf6 Kg8 27. Nf5 Rh7 28.
Ne7+ Kf8 29. Nxg6+ Ke8 30. Nxe5 1-0

[Event "Gibraltar ChallWk2 13th"]
[Site "Gibraltar"]
[Date "2015.02.03"]
[Round "4.9"]
[White "Sanchez Botella, Luis Javier"]
[Black "Gieritz, Dietmar"]
[Result "1-0"]
[WhiteElo "2246"]
[BlackElo "2048"]
[PlyCount "65"]
[EventDate "2015.01.31"]
[EventType "swiss"]
[EventRounds "5"]
[EventCountry "GGB"]
[SourceTitle "BritBase"]
[Source "www.saund.co.uk"]
[SourceDate "2018.02.10"]
[SourceVersion "1"]
[SourceVersionDate "2018.02.10"]
[SourceQuality "1"]
[TimeControl "6600+1415"]
[WhiteClock "0:37:10"]
[BlackClock "0:23:27"]

1. d4 Nf6 2. Bg5 Ne4 3. Bf4 d5 4. f3 Nf6 5. Nc3 c5 6. e4 Qa5 7. Bxb8 Rxb8 8.
Bb5+ Bd7 9. Bxd7+ Nxd7 10. exd5 g6 11. dxc5 Bg7 12. Nge2 Qxc5 13. Qd2 Nb6 14.
b3 Nxd5 15. Qxd5 Qxd5 16. Nxd5 Bxa1 17. c3 e6 18. Ne3 b5 19. Kd2 Rd8+ 20. Kc2
Bb2 21. Rb1 Ba3 22. b4 a5 23. Rb3 axb4 24. cxb4 Ra8 25. Kb1 O-O 26. Nc2 Rfd8
27. Nxa3 Rd2 28. Rb2 Rd1+ 29. Kc2 Re1 30. Kb3 Rb8 31. Nc3 Re3 32. Re2 Rd3 33.
Naxb5 1-0

[Event "Gibraltar ChallWk2 13th"]
[Site "Gibraltar"]
[Date "2015.02.03"]
[Round "4.10"]
[White "Osuna Vega, Enrique"]
[Black "Vea, Odin Blikra"]
[Result "1-0"]
[WhiteElo "2108"]
[BlackElo "2242"]
[PlyCount "59"]
[EventDate "2015.01.31"]
[EventType "swiss"]
[EventRounds "5"]
[EventCountry "GGB"]
[SourceTitle "BritBase"]
[Source "www.saund.co.uk"]
[SourceDate "2018.02.10"]
[SourceVersion "1"]
[SourceVersionDate "2018.02.10"]
[SourceQuality "1"]
[TimeControl "7200+1045"]
[WhiteClock "0:29:23"]
[BlackClock "0:58:08"]

1. e4 c5 2. Nf3 d6 3. d4 cxd4 4. Nxd4 Nf6 5. Nc3 g6 6. h3 Bg7 7. Be3 O-O 8. g4
Nc6 9. g5 Nd7 10. Qd2 Nde5 11. Be2 Nxd4 12. Bxd4 Be6 13. f4 Nc6 14. Bxg7 Kxg7
15. Nd5 Bxd5 16. exd5 Nb8 17. h4 Nd7 18. h5 f6 19. O-O-O Qb6 20. Bg4 f5 21.
Qc3+ Kf7 22. hxg6+ hxg6 23. Rh7+ Ke8 24. Re1 Rf7 25. Qh8+ Nf8 26. Rxf7 Kxf7 27.
Bxf5 gxf5 28. g6+ Kxg6 29. Qg8+ Kf6 30. Qg5+ 1-0

[Event "Gibraltar ChallWk2 13th"]
[Site "Gibraltar"]
[Date "2015.02.03"]
[Round "4.11"]
[White "Dasaolu, Rotimi"]
[Black "Dolzhikova, Olga"]
[Result "0-1"]
[WhiteElo "2053"]
[BlackElo "2194"]
[PlyCount "138"]
[EventDate "2015.01.31"]
[EventType "swiss"]
[EventRounds "5"]
[EventCountry "GGB"]
[SourceTitle "BritBase"]
[Source "www.saund.co.uk"]
[SourceDate "2018.02.10"]
[SourceVersion "1"]
[SourceVersionDate "2018.02.10"]
[SourceQuality "1"]
[TimeControl "6600+915"]
[WhiteClock "0:00:29"]
[BlackClock "0:00:32"]

1. Nf3 Nf6 2. c4 e6 3. g3 d5 4. Bg2 d4 5. d3 c5 6. b4 cxb4 7. a3 Nc6 8. O-O b3
9. Nbd2 Be7 10. Qxb3 O-O 11. a4 Nd7 12. Ba3 f5 13. Rfb1 Kh8 14. Bxe7 Qxe7 15.
Qa3 Qf6 16. Qd6 Rd8 17. a5 a6 18. Nb3 Nf8 19. Qc7 Rd7 20. Qf4 e5 21. Qg5 Qf7
22. Nh4 Rd6 23. Bd5 Qe8 24. Nc5 h6 25. Qd2 g5 26. Ng2 Qe7 27. Rb2 Rb8 28. Rab1
Nd8 29. Qb4 b5 30. Na4 Bb7 31. Nb6 Nc6 32. Qd2 Na7 33. e4 f4 34. Qe2 Bc8 35.
Qh5 Kg7 36. h4 Nh7 37. Nxc8 Rxc8 38. Qg4 Rf8 39. hxg5 Qxg5 40. Qh3 fxg3 41.
fxg3 Rf3 42. Kh2 Nf6 43. Nh4 Rd8 44. Nf5+ Kh7 45. Rd1 Ng4+ 46. Kg1 Ne3 47. Nxe3
Qxe3+ 48. Kh2 Rf2+ 49. Rxf2 Qxf2+ 50. Qg2 Rf8 51. Rd2 Qe3 52. c5 Rf6 53. Qe2
Qg5 54. Rc2 Nc6 55. Bxc6 Rxc6 56. Qg2 Qe7 57. Qf3 Rxc5 58. Qf5+ Kh8 59. Rf2 Rc7
60. Qg6 Qg7 61. Qxa6 b4 62. Qa8+ Kh7 63. a6 b3 64. Qb8 Rc2 65. Rg2 Qf7 66. a7
Qh5+ 67. Kg1 Rc1+ 68. Kf2 Qf7+ 69. Ke2 Qf1+ 0-1

[Event "Gibraltar ChallWk2 13th"]
[Site "Gibraltar"]
[Date "2015.02.03"]
[Round "4.12"]
[White "Byrn, Carsten"]
[Black "Van Der Elburg, Freddie"]
[Result "1/2-1/2"]
[WhiteElo "2044"]
[BlackElo "2183"]
[PlyCount "131"]
[EventDate "2015.01.31"]
[EventType "swiss"]
[EventRounds "5"]
[EventCountry "GGB"]
[SourceTitle "BritBase"]
[Source "www.saund.co.uk"]
[SourceDate "2018.02.10"]
[SourceVersion "1"]
[SourceVersionDate "2018.02.10"]
[SourceQuality "1"]
[TimeControl "6600+13800"]
[WhiteClock "0:48:17"]
[BlackClock "0:00:35"]

1. d4 f5 2. g3 Nf6 3. Bg2 g6 4. Nh3 Bg7 5. Nf4 Nc6 6. h4 e5 7. dxe5 Nxe5 8. Nd2
c6 9. Nf3 Nfg4 10. Nxe5 Nxe5 11. h5 d5 12. hxg6 hxg6 13. Rxh8+ Bxh8 14. Nd3 Nf7
15. c3 Nd6 16. Bf4 Qe7 17. Bxd6 Qxd6 18. Qd2 Bd7 19. Qf4 Qxf4 20. gxf4 Kf8 21.
Nc5 Bc8 22. O-O-O b6 23. Nb3 Ba6 24. Bf3 Re8 25. e3 Bc8 26. Rh1 Bg7 27. Kc2 a5
28. Nd4 Bd7 29. Rd1 Rc8 30. Kb1 Bf6 31. Rh1 c5 32. Ne2 Be6 33. Rd1 Rd8 34. Kc2
a4 35. b3 Bf7 36. bxa4 Ke7 37. Rb1 Rd6 38. a5 bxa5 39. Rb5 d4 40. cxd4 cxd4 41.
exd4 Bxd4 42. Rxa5 Bxf2 43. Re5+ Kf8 44. a4 Ra6 45. a5 Ra7 46. Kc3 Be1+ 47. Kd4
Bxa5 48. Rb5 Kg7 49. Rb7 Ra6 50. Bd5 Ra7 51. Rxf7+ Rxf7 52. Bxf7 Kxf7 53. Ke3
Bb6+ 54. Kf3 Ke6 55. Nc1 Kd5 56. Ne2 Kc4 57. Ng3 Kd3 58. Ne2 Kd2 59. Ng3 Bd8
60. Ne2 Bf6 61. Ng3 Bb2 62. Ne2 Ke1 63. Ng3 Ba1 64. Ne2 Bb2 65. Ng3 Bf6 66. Ne2
1/2-1/2

[Event "Gibraltar ChallWk2 13th"]
[Site "Gibraltar"]
[Date "2015.02.03"]
[Round "4.13"]
[White "Van Dongen, Edwin"]
[Black "Pena Riasco, Alexander"]
[Result "0-1"]
[WhiteElo "2036"]
[BlackElo "2181"]
[PlyCount "94"]
[EventDate "2015.01.31"]
[EventType "swiss"]
[EventRounds "5"]
[EventCountry "GGB"]
[SourceTitle "BritBase"]
[Source "www.saund.co.uk"]
[SourceDate "2018.02.10"]
[SourceVersion "1"]
[SourceVersionDate "2018.02.10"]
[SourceQuality "1"]
[TimeControl "7200+755"]
[WhiteClock "0:04:54"]
[BlackClock "0:01:59"]

1. c4 c6 2. e4 d5 3. exd5 cxd5 4. d4 Nf6 5. Nc3 Nc6 6. Nf3 dxc4 7. Bxc4 e6 8.
O-O Be7 9. Qe2 O-O 10. Rd1 Nb4 11. Ne5 Nbd5 12. Rd3 Bd7 13. Rg3 Kh8 14. Qf3 Be8
15. Bb3 Rc8 16. Bd2 Nxc3 17. bxc3 b5 18. Qd3 Nd5 19. Re1 a6 20. Rh3 f5 21. Qe2
Bg5 22. Nf3 Bxd2 23. Qxd2 f4 24. Ne5 Qg5 25. Bc2 g6 26. Be4 Kg7 27. Rd3 Rc7 28.
Bf3 Ne7 29. Be4 Bf7 30. Rf3 Bg8 31. Nd3 e5 32. Nxe5 Nd5 33. Rd3 Rfc8 34. Rg3
Qf6 35. Rf3 Nxc3 36. Bd3 Nd5 37. Ng4 Qxd4 38. h4 Rf8 39. Re4 Qa1+ 40. Kh2 Rc1
41. Rfxf4 Nxf4 42. Rxf4 Rh1+ 43. Kg3 Rd1 44. Qe3 Rxf4 45. Kxf4 Qc1 46. a3 Qxe3+
47. Kxe3 Ra1 0-1

[Event "Gibraltar ChallWk2 13th"]
[Site "Gibraltar"]
[Date "2015.02.03"]
[Round "4.14"]
[White "Alarcon Olmos, Daniel"]
[Black "Gonzalez Gonzalez, Alfonso"]
[Result "1/2-1/2"]
[WhiteElo "2031"]
[BlackElo "2160"]
[PlyCount "87"]
[EventDate "2015.01.31"]
[EventType "swiss"]
[EventRounds "5"]
[EventCountry "GGB"]
[SourceTitle "BritBase"]
[Source "www.saund.co.uk"]
[SourceDate "2018.02.10"]
[SourceVersion "1"]
[SourceVersionDate "2018.02.10"]
[SourceQuality "1"]
[TimeControl "7200+875"]
[WhiteClock "1:14:32"]
[BlackClock "0:46:16"]

1. Nf3 Nf6 2. d4 d6 3. Bg5 Nbd7 4. e3 h6 5. Bh4 g5 6. Bg3 Ne4 7. Nfd2 Nxg3 8.
hxg3 Bg7 9. Bd3 c5 10. c3 Qb6 11. Na3 d5 12. Rb1 e5 13. O-O a6 14. e4 cxd4 15.
exd5 Nc5 16. Ndc4 Qd8 17. cxd4 Nxd3 18. Qxd3 exd4 19. Rfe1+ Kf8 20. Qe4 Bf6 21.
Nc2 b5 22. Ne5 Bb7 23. Nb4 Qd6 24. Qxd4 a5 25. Nd7+ Kg7 26. Nxf6 Qxf6 27. Qxf6+
Kxf6 28. Nc6 Ra6 29. b4 Bxc6 30. dxc6 Rc8 31. Rec1 axb4 32. Rxb4 Rcxc6 33.
Rxc6+ Rxc6 34. Rxb5 Rc1+ 35. Kh2 Rc2 36. Rb6+ Kg7 37. a4 Rxf2 38. a5 Ra2 39. a6
g4 40. Kg1 h5 41. Kf1 Kh7 42. Kg1 Kg7 43. Kf1 Kh7 44. Kg1 1/2-1/2

[Event "Gibraltar ChallWk2 13th"]
[Site "Gibraltar"]
[Date "2015.02.03"]
[Round "4.15"]
[White "Elishev, Ivan"]
[Black "Michalowski, Peter"]
[Result "1/2-1/2"]
[WhiteElo "2153"]
[BlackElo "2024"]
[PlyCount "80"]
[EventDate "2015.01.31"]
[EventType "swiss"]
[EventRounds "5"]
[EventCountry "GGB"]
[SourceTitle "BritBase"]
[Source "www.saund.co.uk"]
[SourceDate "2018.02.10"]
[SourceVersion "1"]
[SourceVersionDate "2018.02.10"]
[SourceQuality "1"]
[TimeControl "7200+1330"]
[WhiteClock "0:08:07"]
[BlackClock "0:11:57"]

1. e4 c5 2. Nf3 d6 3. d4 cxd4 4. Nxd4 Nf6 5. Nc3 a6 6. Bg5 e6 7. f4 Nbd7 8. Qf3
Qc7 9. O-O-O b5 10. Bd3 Bb7 11. Rhe1 Qb6 12. Nd5 Qxd4 13. Bxf6 gxf6 14. Bxb5
Qc5 15. b4 Qxb5 16. Nc7+ Kd8 17. Nxb5 axb5 18. Qh5 Rxa2 19. Qxf7 Ra1+ 20. Kd2
Rxd1+ 21. Kxd1 e5 22. fxe5 fxe5 23. Re3 Be7 24. Qa2 Bg5 25. Rg3 h6 26. Qa5+ Ke7
27. h4 Bf6 28. Re3 Rc8 29. Qxb5 Rb8 30. Qa5 Bxh4 31. c4 Bg5 32. Re1 Ra8 33. Qc7
Ra1+ 34. Ke2 Rxe1+ 35. Kxe1 Bxe4 36. c5 dxc5 37. bxc5 Bxg2 38. Qd6+ Kd8 39. c6
Bxc6 40. Qxc6 Ke7 1/2-1/2

[Event "Gibraltar ChallWk2 13th"]
[Site "Gibraltar"]
[Date "2015.02.03"]
[Round "4.16"]
[White "Berrocal Ruiz, Valentin"]
[Black "Gomez Calle, Jose Antonio"]
[Result "1-0"]
[WhiteElo "1986"]
[BlackElo "2150"]
[PlyCount "57"]
[EventDate "2015.01.31"]
[EventType "swiss"]
[EventRounds "5"]
[EventCountry "GGB"]
[SourceTitle "BritBase"]
[Source "www.saund.co.uk"]
[SourceDate "2018.02.10"]
[SourceVersion "1"]
[SourceVersionDate "2018.02.10"]
[SourceQuality "1"]
[TimeControl "7200+1600"]
[WhiteClock "0:18:31"]
[BlackClock "0:01:11"]

1. d4 Nf6 2. c4 e6 3. Nc3 c5 4. d5 exd5 5. cxd5 d6 6. e4 g6 7. h3 Bg7 8. Nf3
O-O 9. Bd3 a6 10. a4 Re8 11. O-O Qc7 12. Nd2 Nbd7 13. f4 Rb8 14. Nc4 Nb6 15. e5
Nfxd5 16. Nxd5 Nxd5 17. Nxd6 Rf8 18. Bxg6 hxg6 19. Qxd5 Be6 20. Qe4 b5 21. axb5
axb5 22. Be3 f5 23. Qf3 g5 24. Rfc1 c4 25. Ra7 Qd8 26. Rd1 gxf4 27. Qxf4 Ra8
28. Rxg7+ Kxg7 29. Qh6+ 1-0

[Event "Gibraltar ChallWk2 13th"]
[Site "Gibraltar"]
[Date "2015.02.03"]
[Round "4.17"]
[White "Algars, Olle"]
[Black "Dougherty, Michael"]
[Result "1-0"]
[WhiteElo "1960"]
[BlackElo "2138"]
[PlyCount "67"]
[EventDate "2015.01.31"]
[EventType "swiss"]
[EventRounds "5"]
[EventCountry "GGB"]
[SourceTitle "BritBase"]
[Source "www.saund.co.uk"]
[SourceDate "2018.02.10"]
[SourceVersion "1"]
[SourceVersionDate "2018.02.10"]
[SourceQuality "1"]
[TimeControl "7200+1360"]
[WhiteClock "0:32:04"]
[BlackClock "0:08:41"]

1. Nf3 g6 2. g3 Bg7 3. Bg2 d6 4. d4 Nc6 5. c4 Bg4 6. e3 e5 7. Qa4 Qd7 8. d5 Nb8
9. Qb3 Qc8 10. Nc3 Na6 11. Qc2 Nc5 12. O-O a5 13. Rb1 Nf6 14. Nd2 O-O 15. b3
Bh3 16. Nb5 Bxg2 17. Kxg2 e4 18. Bb2 Re8 19. a3 Ng4 20. Bxg7 Qf5 21. h3 Qxf2+
22. Rxf2 Nxe3+ 23. Kg1 Nxc2 24. Nxc7 Kxg7 25. Nxe8+ Rxe8 26. Nxe4 Rxe4 27. Rxc2
Re3 28. b4 Ne4 29. c5 axb4 30. axb4 Rxg3+ 31. Kh2 Rc3 32. Rxc3 Nxc3 33. cxd6
Kf8 34. Re1 1-0

[Event "Gibraltar ChallWk2 13th"]
[Site "Gibraltar"]
[Date "2015.02.03"]
[Round "4.18"]
[White "Wiedersich, Jens"]
[Black "Romero Valencia, Fernando"]
[Result "1-0"]
[WhiteElo "2125"]
[BlackElo "1954"]
[PlyCount "125"]
[EventDate "2015.01.31"]
[EventType "swiss"]
[EventRounds "5"]
[EventCountry "GGB"]
[SourceTitle "BritBase"]
[Source "www.saund.co.uk"]
[SourceDate "2018.02.10"]
[SourceVersion "1"]
[SourceVersionDate "2018.02.10"]
[SourceQuality "1"]

1. Nf3 Nf6 2. d4 d6 3. g3 Nbd7 4. Bg2 e5 5. c4 Be7 6. O-O c6 7. d5 c5 8. Nc3
O-O 9. e4 Ne8 10. Qd3 g6 11. Bh6 Ng7 12. Nd2 f5 13. f4 a6 14. a4 Rf7 15. Nf3
fxe4 16. Nxe4 Nf5 17. Bg5 h6 18. Bxe7 Qxe7 19. Rfe1 Kg7 20. a5 Rf8 21. Ned2 Rb8
22. Re2 b6 23. axb6 Rxb6 24. b3 Qf6 25. fxe5 Nxe5 26. Nxe5 Nd4 27. Ree1 dxe5
28. Ne4 Qf5 29. Rf1 Rxb3 30. Rxf5 Rxd3 31. Rxf8 Kxf8 32. Bf1 Rb3 33. Ra2 Rb1
34. Kf2 Nb3 35. Bd3 Rh1 36. Kg2 Re1 37. Rb2 Nc1 38. Nxc5 Nxd3 39. Nxd3 Re3 40.
Nc5 Bf5 41. d6 Rc3 42. Rb8+ Kf7 43. d7 Rc2+ 44. Kf1 Rc1+ 45. Kf2 Rc2+ 46. Ke3
Bxd7 47. Nxd7 Ke6 48. Nc5+ Kf5 49. Ne4 a5 50. h3 Rc1 51. Rb6 Re1+ 52. Kf3 Rf1+
53. Nf2 h5 54. Ra6 Rc1 55. g4+ hxg4+ 56. hxg4+ Kg5 57. Rxa5 Rxc4 58. Ne4+ Kh6
59. Ra7 g5 60. Ra6+ Kg7 61. Re6 Ra4 62. Nxg5 Rf4+ 63. Kg3 1-0

[Event "Gibraltar ChallWk2 13th"]
[Site "Gibraltar"]
[Date "2015.02.03"]
[Round "4.19"]
[White "Rodriguez Alvarez, Vidal"]
[Black "Risting, Eivind Olav"]
[Result "1-0"]
[WhiteElo "2122"]
[BlackElo "1903"]
[PlyCount "47"]
[EventDate "2015.01.31"]
[EventType "swiss"]
[EventRounds "5"]
[EventCountry "GGB"]
[SourceTitle "BritBase"]
[Source "www.saund.co.uk"]
[SourceDate "2018.02.10"]
[SourceVersion "1"]
[SourceVersionDate "2018.02.10"]
[SourceQuality "1"]

1. d4 Nf6 2. c4 c5 3. d5 b5 4. cxb5 a6 5. bxa6 g6 6. Nc3 Bxa6 7. g3 Bg7 8. Bg2
d6 9. Nf3 O-O 10. O-O Nbd7 11. Rb1 Qa5 12. Bd2 Bb7 13. b3 Qb6 14. Nh4 e6 15.
dxe6 fxe6 16. a4 d5 17. Qc2 e5 18. e4 Ba6 19. exd5 Bxf1 20. Bxf1 Rae8 21. Bh3
Kh8 22. Be3 Qb4 23. Nb5 Nxd5 24. Bd2 1-0

[Event "Gibraltar ChallWk2 13th"]
[Site "Gibraltar"]
[Date "2015.02.03"]
[Round "4.20"]
[White "Gonzalez Capacete, Jose Miguel"]
[Black "Amgalanbaatar, Ravdanlkhumbuu"]
[Result "0-1"]
[WhiteElo "1920"]
[BlackElo "2117"]
[PlyCount "68"]
[EventDate "2015.01.31"]
[EventType "swiss"]
[EventRounds "5"]
[EventCountry "GGB"]
[SourceTitle "BritBase"]
[Source "www.saund.co.uk"]
[SourceDate "2018.02.10"]
[SourceVersion "1"]
[SourceVersionDate "2018.02.10"]
[SourceQuality "1"]

1. e4 d6 2. d4 Nf6 3. Nc3 c6 4. Be3 Qc7 5. f3 e5 6. Qd2 b5 7. a3 a6 8. Bd3 Be7
9. Nge2 O-O 10. O-O Nbd7 11. Nd1 Nb6 12. dxe5 dxe5 13. Qa5 Nfd7 14. c4 Qd6 15.
Qc3 Nc5 16. Nf2 Nba4 17. Qc2 Be6 18. Rfd1 Qc7 19. Rac1 bxc4 20. Bxc5 Bxc5 21.
Qxa4 Qb6 22. Bxc4 Bxf2+ 23. Kf1 Bh4 24. g3 Bg5 25. Rc2 Bh3+ 26. Ke1 Rad8 27.
Rxd8 Rxd8 28. Qb4 Qa7 29. Qc3 Be3 30. Bd3 Bg2 31. f4 Bf2+ 32. Kd1 Bxe4 33. Rd2
Be3 34. Qa5 Qd7 0-1

[Event "Gibraltar ChallWk2 13th"]
[Site "Gibraltar"]
[Date "2015.02.03"]
[Round "4.21"]
[White "Hoffmann, Hendrik"]
[Black "Probst, Alexander"]
[Result "1-0"]
[WhiteElo "2206"]
[BlackElo "1948"]
[PlyCount "101"]
[EventDate "2015.01.31"]
[EventType "swiss"]
[EventRounds "5"]
[EventCountry "GGB"]
[SourceTitle "BritBase"]
[Source "www.saund.co.uk"]
[SourceDate "2018.02.10"]
[SourceVersion "1"]
[SourceVersionDate "2018.02.10"]
[SourceQuality "1"]

1. e4 c5 2. Nf3 d6 3. d4 cxd4 4. Nxd4 Nf6 5. Nc3 a6 6. Bg5 e6 7. f4 b5 8. Qf3
Qc7 9. O-O-O Bb7 10. Qh3 Nc6 11. Bxf6 gxf6 12. Nxc6 Bxc6 13. Bd3 b4 14. Ne2 Qa5
15. Kb1 O-O-O 16. Nd4 Bb7 17. Nb3 Qb6 18. Qh5 Rd7 19. f5 d5 20. Rhe1 Bd6 21.
exd5 Bxd5 22. Be4 Be5 23. Bxd5 exd5 24. Qf3 Rhd8 25. g3 a5 26. Qe3 d4 27. Qd3
Rc7 28. Nd2 Kb8 29. Nc4 Qc5 30. b3 a4 31. Re2 Rdc8 32. Rde1 a3 33. Re4 Rc6 34.
R1e2 Qd5 35. Nxe5 Rc3 36. Qxd4 Qxd4 37. Rxd4 fxe5 38. Rxb4+ Kc7 39. Ra4 Rf3 40.
Rxa3 Rxf5 41. Ra5 Re8 42. Kb2 Kb6 43. Rd5 Kc6 44. c4 f6 45. b4 Ra8 46. Red2 h5
47. Rd6+ Kc7 48. Rd7+ Kc8 49. Rd8+ Kb7 50. R2d7+ Kc6 51. b5+ 1-0

[Event "Gibraltar ChallWk2 13th"]
[Site "Gibraltar"]
[Date "2015.02.03"]
[Round "4.22"]
[White "Balogun, Oluwafemi"]
[Black "Suez-Panama, Gilles"]
[Result "0-1"]
[WhiteElo "2193"]
[BlackElo "2030"]
[PlyCount "44"]
[EventDate "2015.01.31"]
[EventType "swiss"]
[EventRounds "5"]
[EventCountry "GGB"]
[SourceTitle "BritBase"]
[Source "www.saund.co.uk"]
[SourceDate "2018.02.10"]
[SourceVersion "1"]
[SourceVersionDate "2018.02.10"]
[SourceQuality "1"]

1. e4 e6 2. d3 d5 3. Nd2 Nf6 4. Ngf3 Bc5 5. c3 dxe4 6. dxe4 Ng4 7. Nd4 e5 8.
N2b3 Bb6 9. Be2 Nxf2 10. Kxf2 exd4 11. cxd4 Nc6 12. Bb5 O-O 13. Bxc6 Qh4+ 14.
g3 Qf6+ 15. Kg2 Qxc6 16. d5 Qg6 17. Qd3 f5 18. e5 f4 19. Qxg6 f3+ 20. Kf1 Bh3+
21. Ke1 f2+ 22. Ke2 f1=Q+ 0-1

[Event "Gibraltar ChallWk2 13th"]
[Site "Gibraltar"]
[Date "2015.02.03"]
[Round "4.23"]
[White "Varga, Klara"]
[Black "Van De Wynkele, Eric"]
[Result "1-0"]
[WhiteElo "2145"]
[BlackElo "2017"]
[PlyCount "51"]
[EventDate "2015.01.31"]
[EventType "swiss"]
[EventRounds "5"]
[EventCountry "GGB"]
[SourceTitle "BritBase"]
[Source "www.saund.co.uk"]
[SourceDate "2018.02.10"]
[SourceVersion "1"]
[SourceVersionDate "2018.02.10"]
[SourceQuality "1"]

1. c4 e5 2. g3 d6 3. Bg2 f5 4. Nc3 Nf6 5. d3 c6 6. e4 Be7 7. Nge2 O-O 8. O-O
Qe8 9. d4 exd4 10. Nxd4 fxe4 11. Nxe4 Nxe4 12. Bxe4 Bf6 13. Bg2 Qf7 14. b3 Nd7
15. Ba3 Nc5 16. Rc1 Rd8 17. f4 a5 18. Kh1 a4 19. b4 Bxd4 20. Qxd4 Ne6 21. Qd3
Nc7 22. f5 d5 23. b5 cxb5 24. cxb5 b6 25. f6 g6 26. Rxc7 1-0